[Event "Sparkassen Open A"]
[Site "Dortmund GER"]
[Date "2011.07.24"]
[Round "2.29"]
[White "Ditmas, Hugh"]
[Black "Bramkamp, Rainer"]
[Result "1/2-1/2"]
[WhiteElo "1912"]
[BlackElo "2115"]
[WhiteFideId "1270666"]
[BlackFideId "4667298"]
[EventDate "2011.07.23"]

1. d4 d5 2. c4 e6 3. Nf3 Nf6 4. Nc3 Be7 5. Bg5 O-O 6. e3 h6 7. Bh4 b6 8. Bxf6
Bxf6 9. cxd5 exd5 10. Be2 Bb7 11. b4 Nd7 12. Qb3 c6 13. O-O Qe7 14. a4 Qd6 15.
Rfc1 a5 16. b5 c5 17. Qa3 Be7 18. dxc5 Nxc5 19. Rd1 Qe6 20. Nd4 Qe5 21. Qb2 Bf6
22. Bf3 Rfd8 23. g3 Rac8 24. Rac1 Ne4 25. Nce2 1/2-1/2

[Event "Sparkassen Open A"]
[Site "Dortmund GER"]
[Date "2011.07.24"]
[Round "2.30"]
[White "Begna, Bozidar"]
[Black "Schuetzhold, Frank"]
[Result "1/2-1/2"]
[WhiteElo "2102"]
[BlackElo "1908"]
[WhiteFideId "4633555"]
[BlackFideId "4624980"]
[EventDate "2011.07.23"]

1. Nf3 Nf6 2. g3 b6 3. Bg2 Bb7 4. O-O g6 5. d3 Bg7 6. e4 d6 7. Na3 O-O 8. c3 c5
9. Ne1 Qd7 10. f4 e6 11. Nc4 Ne8 12. Nf3 Nc6 13. Ne3 f5 14. exf5 exf5 15. Qb3+
Kh8 16. Ng5 Nc7 17. Bd2 Na5 18. Qc2 Bxg2 19. Nxg2 h6 20. Nf3 Rae8 21. Rae1 Rxe1
22. Rxe1 Re8 23. c4 Rxe1+ 24. Bxe1 Nc6 25. Bc3 Ne6 26. Bxg7+ Qxg7 27. a3 Ncd4
28. Nxd4 Nxd4 29. Qf2 Qe7 30. Ne3 Kg7 31. Kg2 Kf7 32. Nd5 Qe2 33. Qxe2 Nxe2 34.
Kf2 Nd4 35. a4 Nc6 36. Ke3 h5 37. Nc3 Ke6 38. Nb5 Kd7 39. d4 a6 40. d5 Ne7 41.
Nc3 a5 42. h3 Ng8 43. Ne2 Nf6 44. Ng1 Ne4 45. g4 hxg4 46. hxg4 Ke7 47. gxf5 gxf5
48. Nf3 Kf6 49. Ne1 Ke7 50. Nc2 Kd7 51. Na3 Nf6 52. Nb5 Ne4 53. Ke2 Ng3+ 54. Kf3
Ne4 55. Ke3 Nf6 56. Nc3 Ke7 57. Kf3 Kd7 58. b3 Ke7 59. Ke3 Ng4+ 60. Kf3 Nf6 61.
Nd1 Ne4 1/2-1/2

[Event "Sparkassen Open A"]
[Site "Dortmund GER"]
[Date "2011.07.24"]
[Round "2.31"]
[White "Eckert, Marius"]
[Black "Steinmetzer, Thomas"]
[Result "1/2-1/2"]
[WhiteElo "1894"]
[BlackElo "2083"]
[WhiteFideId "12922234"]
[BlackFideId "4689690"]
[EventDate "2011.07.23"]

1. e4 e5 2. Nf3 Nc6 3. Bc4 Nf6 4. d4 exd4 5. O-O Nxe4 6. Re1 d5 7. Bxd5 Qxd5 8.
Nc3 Qh5 9. Nxe4 Be6 10. Nxd4 Qxd1 11. Rxd1 Nxd4 12. Rxd4 Be7 13. Bf4 O-O 14.
Rad1 h6 15. R4d2 Rfc8 16. Be3 b6 17. a3 Rd8 18. Rxd8+ Rxd8 19. Rxd8+ Bxd8 20. c3
g5 21. f4 f5 22. Nd2 c5 23. Kf2 g4 24. g3 Bf6 25. Ke2 Kf7 26. Kd3 Bd5 27. b4 Be7
28. bxc5 bxc5 29. c4 Bg2 30. Ke2 a5 31. Nb3 a4 32. Nxc5 Bxc5 33. Bxc5 Ke6 34.
Ke3 Kd7 35. Kd4 Kc6 36. Bb4 Be4 1/2-1/2

[Event "Sparkassen Open A"]
[Site "Dortmund GER"]
[Date "2011.07.24"]
[Round "2.33"]
[White "Mulder, Bart-Piet"]
[Black "Henkemeier, Markus"]
[Result "1-0"]
[WhiteElo "2260"]
[BlackElo "1895"]
[WhiteFideId "1006070"]
[BlackFideId "1271859"]
[EventDate "2011.07.23"]

1. Nf3 Nf6 2. g3 c6 3. Bg2 d6 4. d4 g6 5. O-O Bg7 6. c4 O-O 7. Nc3 Bg4 8. h3
Bxf3 9. Bxf3 Nbd7 10. Qc2 Nb6 11. b3 d5 12. cxd5 Nfxd5 13. Nxd5 Nxd5 14. Bb2 f5
15. e3 g5 16. e4 fxe4 17. Bxe4 h5 18. Bh7+ Kh8 19. Bg6 h4 20. Qe2 Bh6 21. Rae1
Qd6 22. Qe5+ Rf6 23. Be4 Rf8 24. Bxd5 cxd5 25. Qxd6 exd6 26. g4 Rf3 27. Kg2 Rd3
28. Re7 Rd2 29. Bc1 Rxa2 30. Rxb7 Bg7 31. Be3 Re8 32. Kf3 Re4 33. Rc1 Re8 34.
Rcc7 Rg8 35. Bxg5 a5 36. Rxg7 1-0

[Event "Sparkassen Open A"]
[Site "Dortmund GER"]
[Date "2011.07.24"]
[Round "2.34"]
[White "Rott, Georg"]
[Black "Butschek, Marc"]
[Result "1-0"]
[WhiteElo "2223"]
[BlackElo "1891"]
[WhiteFideId "4633393"]
[BlackFideId "4630904"]
[EventDate "2011.07.23"]

1. e4 e6 2. d4 d5 3. Nd2 Nf6 4. e5 Ne4 5. Nxe4 dxe4 6. Be3 Nd7 7. Qg4 c5 8. Qxe4
Qb6 9. O-O-O cxd4 10. Bxd4 Bc5 11. f4 O-O 12. Nf3 f5 13. Qe3 Qa5 14. Bc4 Nb6 15.
Bb3 Be7 16. Bc3 Bb4 17. Bxb4 Qxb4 18. Qd4 Qe7 19. Qd6 Qxd6 20. Rxd6 Nd5 21. g3
b6 22. Rxd5 1-0

[Event "Sparkassen Open A"]
[Site "Dortmund GER"]
[Date "2011.07.24"]
[Round "2.35"]
[White "Oberste, Norbert"]
[Black "Steinle, Carsten"]
[Result "0-1"]
[WhiteElo "1865"]
[BlackElo "2146"]
[WhiteFideId "24608432"]
[BlackFideId "24676462"]
[EventDate "2011.07.23"]

1. f4 e6 2. Nf3 b6 3. e3 Bb7 4. d4 f5 5. Bd3 Nf6 6. O-O Be7 7. Nbd2 O-O 8. c3 c5
9. Qe2 d5 10. a4 Nc6 11. Ne5 Ne4 12. Rf3 Nxe5 13. dxe5 Qd7 14. Rh3 g6 15. Bb5
Qc7 16. Ba6 Rad8 17. Bxb7 Qxb7 18. g4 d4 19. cxd4 cxd4 20. g5 dxe3 21. Nf1 Bc5
22. Bxe3 Rd5 23. Bxc5 Nxc5 24. b4 Ne4 25. Rd3 Rfd8 26. Rad1 Nc3 27. Qf3 Nxd1 28.
Rxd1 Qd7 29. Rxd5 Qxd5 30. Kg2 Qxf3+ 31. Kxf3 Rd4 32. a5 b5 0-1

[Event "Sparkassen Open A"]
[Site "Dortmund GER"]
[Date "2011.07.24"]
[Round "2.36"]
[White "Hillebrand, Carsten"]
[Black "Deinert, Wolfgang"]
[Result "1/2-1/2"]
[WhiteElo "2145"]
[BlackElo "1843"]
[WhiteFideId "12905950"]
[BlackFideId "4685229"]
[EventDate "2011.07.23"]

1. c4 e5 2. g3 d5 3. cxd5 Qxd5 4. Nf3 Be6 5. Nc3 Qd7 6. Nxe5 Qd6 7. Nf3 Be7 8.
Bg2 Nc6 9. d3 Nf6 10. Bf4 Qd7 11. Ng5 O-O 12. Nxe6 fxe6 13. O-O e5 14. Bd2 Rab8
15. Qa4 Nd4 16. Qxd7 Nxd7 17. Bh3 Nf6 18. Bg2 c6 19. Rad1 Bc5 20. e3 Ne6 21. Ne2
Rbd8 22. Bc3 Ng4 23. Bh3 h5 24. Bxg4 hxg4 25. Bxe5 Ng5 26. d4 Nf3+ 27. Kg2 Rf5
28. dxc5 Rxd1 29. Rxd1 Rxe5 30. Rd8+ Kh7 31. Nd4 Rxc5 32. Nxf3 gxf3+ 33. Kxf3
Rc2 34. Rd4 Rxb2 35. Ra4 a6 36. Ra3 c5 37. Ke4 Rxf2 38. Kd5 Rf5+ 39. Ke4 Rf6 40.
Rb3 b5 41. Rb2 Re6+ 42. Kd5 Rxe3 43. Kxc5 Ra3 44. Kb4 g5 45. Rd2 Kg6 46. h3 Kf6
47. Rd6+ Ke5 48. Rg6 Kf5 49. Rc6 Ke5 50. Rc5+ Kf6 51. Rc6+ Kf5 52. Rc5+ Kf6 1/2-1/2

[Event "Sparkassen Open A"]
[Site "Dortmund GER"]
[Date "2011.07.24"]
[Round "2.37"]
[White "Aulich, Marcell"]
[Black "Bosshard, Rolf"]
[Result "1-0"]
[WhiteElo "2086"]
[BlackElo "1842"]
[WhiteFideId "24631981"]
[BlackFideId "1310283"]
[EventDate "2011.07.23"]

1. e4 g6 2. d4 Bg7 3. Nf3 d6 4. Bd3 e6 5. O-O Ne7 6. Qe2 O-O 7. c3 Nd7 8. Bg5 h6
9. Be3 b6 10. a4 a6 11. Re1 Bb7 12. Nbd2 Nc6 13. Nf1 Qe7 14. Qd2 Kh7 15. b4 Nf6
16. h3 Qd7 17. Ng3 e5 18. d5 Ne7 19. b5 a5 20. Nh2 Rae8 21. Rf1 Nxe4 22. Nxe4 f5
23. f3 Nxd5 24. Bf2 fxe4 25. Bxe4 Qc8 26. Bxd5 Bxd5 27. Qxd5 Rf5 28. Qd3 Qb7 29.
Rad1 e4 30. fxe4 Rxe4 31. Bd4 Rg5 32. Nf3 Bxd4+ 33. cxd4 Rg3 34. Kh2 1-0

[Event "Sparkassen Open A"]
[Site "Dortmund GER"]
[Date "2011.07.24"]
[Round "2.38"]
[White "Simanowski, Mio"]
[Black "Meyer, Michael"]
[Result "1-0"]
[WhiteElo "1833"]
[BlackElo "2083"]
[WhiteFideId "24687154"]
[BlackFideId "12926744"]
[EventDate "2011.07.23"]

1. e4 e6 2. d4 d5 3. e5 c5 4. c3 Nc6 5. Nf3 Qb6 6. Be2 cxd4 7. cxd4 Nge7 8. Na3
Nf5 9. Nc2 Bb4+ 10. Kf1 Be7 11. a3 a5 12. a4 Bd7 13. g4 Nh4 14. Nxh4 Bxh4 15.
Kg2 h6 16. Rb1 f6 17. exf6 gxf6 18. Be3 O-O-O 19. Kh3 Bg5 20. f4 Ne7 21. fxg5
hxg5+ 22. Kg2 Bxa4 23. Qd3 Kb8 24. b3 Bc6 25. b4 Ba4 26. bxa5 Bxc2 27. Rxb6 Bxd3
28. Bxd3 Nc6 29. a6 Rd7 30. Rhb1 Nd8 31. axb7 Rxb7 32. Rxb7+ Nxb7 33. Ba6 Rh7
34. Kg3 Ka7 35. Rxb7+ Rxb7 36. Bxb7 Kxb7 37. h4 gxh4+ 38. Kxh4 Kc6 39. g5 fxg5+
40. Kxg5 Kd6 41. Kf6 1-0

[Event "Sparkassen Open A"]
[Site "Dortmund GER"]
[Date "2011.07.24"]
[Round "2.39"]
[White "Chapman, Alan D"]
[Black "Fluechter, Gregor"]
[Result "0-1"]
[WhiteElo "2043"]
[BlackElo "1832"]
[WhiteFideId "406937"]
[BlackFideId "12903396"]
[EventDate "2011.07.23"]

1. e4 c5 2. d4 cxd4 3. c3 Nf6 4. e5 Nd5 5. Qxd4 e6 6. Nf3 Nc6 7. Qe4 d6 8. Bb5
Bd7 9. exd6 Bxd6 10. O-O O-O 11. Bg5 Be7 12. Bd3 f5 13. Bxe7 fxe4 14. Bxd8 exf3
15. Bg5 fxg2 16. Rd1 Ne5 17. Be4 Bc6 18. Nd2 h6 19. Bh4 Nxc3 20. Bxc6 Nxd1 21.
Bxb7 Rab8 22. Be4 Nxb2 23. Bg3 Rbd8 24. Nb3 Nf3+ 25. Kxg2 Nd2 26. Bc2 Nbc4 27.
Nc5 Rfe8 28. Bg6 e5 29. Bxe8 Rxe8 30. Nb3 Ne4 31. Rc1 Nxg3 32. hxg3 Rc8 33. Rc3
Kf7 34. Nd2 Nb6 35. Ra3 Rc7 36. Ne4 Ke6 37. Nc3 a5 38. Nb5 Rc5 39. Rxa5 Kf6 40.
a4 Nxa4 41. Ra6+ Kg5 42. Nd6 Nc3 43. Nf7+ Kf5 44. Nd6+ Kg5 45. f3 Rd5 46. Rc6
Nb5 47. Ne4+ Kf5 48. Kf2 Nd4 49. g4+ Kf4 50. Rc4 Nxf3 51. Nc3+ Rd4 52. Ne2+ Kxg4
53. Rc3 Ng5 54. Rc7 Ne6 55. Rc6 Nf4 56. Nxd4 exd4 57. Rd6 d3 58. Ke3 h5 59. Kf2
g5 60. Rd4 h4 61. Ra4 h3 62. Ra1 h2 63. Rd1 Kh3 64. Rh1 g4 65. Ke3 g3 0-1

[Event "Sparkassen Open A"]
[Site "Dortmund GER"]
[Date "2011.07.24"]
[Round "2.40"]
[White "Morgenroth, Hubertus"]
[Black "Fichtner, Ewald"]
[Result "0-1"]
[WhiteElo "1829"]
[BlackElo "2038"]
[WhiteFideId "12922269"]
[BlackFideId "1270194"]
[EventDate "2011.07.23"]

1. e4 c6 2. d4 d5 3. e5 Bf5 4. Bd3 Bxd3 5. Qxd3 e6 6. Nf3 Qa5+ 7. Bd2 Qa6 8. O-O
Qxd3 9. cxd3 Nd7 10. Nc3 Ne7 11. Rac1 Nf5 12. a3 h5 13. Na4 Rc8 14. b4 Be7 15.
Nc5 b6 16. Nb3 O-O 17. Rc2 Rc7 18. Rfc1 Rfc8 19. h3 Kh7 20. Kh2 Nb8 21. g4 hxg4
22. hxg4 Nh4 23. Nxh4 Bxh4 24. Kg2 Be7 25. Rh1+ Kg6 26. Nc1 f6 27. Ne2 c5 28.
dxc5 bxc5 29. exf6 Kxf6 30. Rhc1 Nd7 31. bxc5 Rxc5 32. Rxc5 Rxc5 33. Rxc5 Bxc5
34. Bb4 Bxb4 35. axb4 Ne5 36. g5+ Kg6 37. d4 Nd3 38. f4 Nxb4 39. Kf3 Nc2 0-1

[Event "Sparkassen Open A"]
[Site "Dortmund GER"]
[Date "2011.07.24"]
[Round "2.42"]
[White "Niediek, Cedric"]
[Black "Fischoeder, Heiko"]
[Result "0-1"]
[WhiteElo "1820"]
[BlackElo "1989"]
[WhiteFideId "12936685"]
[BlackFideId "4692942"]
[EventDate "2011.07.23"]

1. e4 c5 2. Nf3 e6 3. d3 Nc6 4. g3 g6 5. Bg2 Bg7 6. O-O Rb8 7. c3 Nge7 8. Re1
O-O 9. Nbd2 b6 10. h4 d6 11. h5 b5 12. hxg6 fxg6 13. Nf1 Qb6 14. Be3 b4 15. d4
bxc3 16. bxc3 cxd4 17. cxd4 d5 18. exd5 Nxd5 19. Rb1 Nxe3 20. fxe3 Qc7 21. Rxb8
Qxb8 22. Qc2 Qd6 23. Ng5 Ne7 24. Qb3 Nf5 25. d5 e5 26. Ne4 Qd8 27. d6+ Kh8 28.
Rd1 Bh6 29. Qb5 Nxe3 30. Rd3 Nxf1 31. Bxf1 Bf5 32. Qxe5+ Bg7 33. Qd5 Qb6+ 34.
Kh2 Bxe4 35. Qxe4 Rxf1 36. Qe8+ Rf8 37. d7 Qf2+ 38. Kh3 Qf1+ 39. Kh2 Qxd3 40.
d8=Q Qxd8 41. Qxf8+ Qxf8 0-1

[Event "Sparkassen Open A"]
[Site "Dortmund GER"]
[Date "2011.07.24"]
[Round "2.43"]
[White "Baerwolf, Steven"]
[Black "Puetter, Pascal"]
[Result "1/2-1/2"]
[WhiteElo "1818"]
[BlackElo "1965"]
[WhiteFideId "24658634"]
[BlackFideId "1271567"]
[EventDate "2011.07.23"]

1. e4 e6 2. d4 d5 3. exd5 exd5 4. Bd3 Bd6 5. Ne2 Ne7 6. O-O O-O 7. Bf4 Bf5 8. c3
c6 9. Re1 Bxd3 10. Qxd3 Ng6 11. Bxd6 Qxd6 12. Qg3 Qxg3 13. hxg3 Nd7 14. Nd2 Rae8
15. Nf4 Nxf4 16. gxf4 f6 17. Re3 Rxe3 18. fxe3 Re8 19. Re1 Nb6 20. b3 f5 21. Nf3
Nd7 22. c4 Nf6 23. Ne5 Rc8 24. Rc1 Kf8 25. Kf2 Ke7 26. Ke2 Ke6 27. Nd3 Ne4 28.
Nc5+ Nxc5 29. cxd5+ cxd5 30. Rxc5 Rc6 31. a4 Kd6 32. b4 a6 33. Kf3 b6 34. Rxc6+
Kxc6 35. Kg3 g6 36. Kh4 1/2-1/2

[Event "Sparkassen Open A"]
[Site "Dortmund GER"]
[Date "2011.07.24"]
[Round "2.45"]
[White "Brehm, Stefan"]
[Black "Shishkov, Mark"]
[Result "0-1"]
[WhiteElo "1760"]
[BlackElo "1954"]
[WhiteFideId "1271613"]
[BlackFideId "12911682"]
[EventDate "2011.07.23"]

1. d4 Nf6 2. c4 e6 3. Nc3 Bb4 4. Bg5 c5 5. Nf3 Qa5 6. Bd2 Nc6 7. a3 Bxc3 8. Bxc3
Qb6 9. e3 O-O 10. Bd3 d6 11. d5 Ne7 12. Ng5 e5 13. O-O h6 14. Ne4 Nxe4 15. Bxe4
f5 16. Bf3 Qd8 17. b4 b6 18. Rb1 Ng6 19. Qd2 Qg5 20. g3 f4 21. exf4 Rxf4 22. Qe2
Bh3 23. Rfe1 Nh4 24. Bh1 Qg6 25. Be4 Bf5 26. Bxf5 Rxf5 27. Red1 Nf3+ 28. Kh1 Qh5
29. h4 Qg4 30. Qf1 Nxh4 31. Rd3 Qe4+ 0-1

[Event "Sparkassen Open A"]
[Site "Dortmund GER"]
[Date "2011.07.25"]
[Round "3.1"]
[White "Zaitsev, Mikhail"]
[Black "Sundorf, Jannik"]
[Result "1-0"]
[WhiteTitle "IM"]
[WhiteElo "2499"]
[BlackElo "2121"]
[WhiteFideId "4127560"]
[BlackFideId "12905380"]
[EventDate "2011.07.23"]

1. e4 c5 2. Nf3 g6 3. c3 d5 4. e5 Nc6 5. d4 Bg4 6. Nbd2 cxd4 7. cxd4 Qb6 8. h3
Bxf3 9. Nxf3 e6 10. Bd3 Bb4+ 11. Kf1 h5 12. g3 Nh6 13. Kg2 O-O-O 14. a3 Be7 15.
b4 Nf5 16. Be3 f6 17. Bxf5 exf5 18. Bf4 g5 19. exf6 gxf4 20. fxe7 Rde8 21. Re1
fxg3 22. fxg3 Rhg8 23. Qd3 Nxe7 24. Rac1+ Kb8 25. Qe3 Qd6 26. Qe5 Qxe5 27. Nxe5
Rc8 28. Nd7+ Ka8 29. Rxc8+ Nxc8 30. Nf6 Rd8 31. Re8 Rxe8 32. Nxe8 Nb6 33. Nf6
Nc4 34. Nxh5 Nxa3 35. Ng7 Nc2 36. Nxf5 Nxb4 37. h4 Nc6 38. g4 a5 39. h5 Nd8 40.
h6 Nf7 41. h7 a4 42. g5 Nh8 43. Ne7 1-0

[Event "Sparkassen Open A"]
[Site "Dortmund GER"]
[Date "2011.07.25"]
[Round "3.2"]
[White "Linker, Walter"]
[Black "Jesse, Ingemars"]
[Result "0-1"]
[WhiteElo "2112"]
[BlackElo "2270"]
[WhiteFideId "24619280"]
[BlackFideId "11602724"]
[EventDate "2011.07.23"]

1. b3 Nf6 2. Bb2 g6 3. e3 Bg7 4. f4 O-O 5. Nf3 d5 6. Be2 c5 7. O-O Nc6 8. Ne5
Nxe5 9. Bxe5 d4 10. Bf3 Bh6 11. exd4 cxd4 12. Na3 Qb6 13. Nc4 Qc5 14. d3 Nd5 15.
Bxd5 Qxd5 16. Qf3 Qxf3 17. Rxf3 Rd8 18. Bc7 Rd7 19. Ba5 b6 20. Bb4 b5 21. Ne5
Rc7 22. Rf2 f6 23. Ba5 Rb7 24. Nc6 Rd7 25. Re1 Bb7 26. Re6 Kf7 27. Rfe2 Bxc6 28.
Rxc6 Bxf4 29. Bd2 Rc7 30. Rxc7 Bxc7 31. h3 Bg3 32. Bb4 e5 33. Be1 Bxe1 34. Rxe1
Rc8 35. Re2 Rc6 36. Kf2 Ra6 37. a4 bxa4 38. bxa4 Rxa4 39. Re1 Ra2 40. Rc1 a5 41.
Ke1 a4 42. Kd2 a3 43. Rb1 Rb2 44. Ra1 a2 45. Kc1 Rb1+ 46. Rxb1 axb1=Q+ 47. Kxb1
f5 48. c4 dxc3 49. Kc2 Ke6 50. Kxc3 Kd5 51. Kd2 Kd4 52. Ke2 g5 53. Kd2 h5 54.
Kc2 h4 55. Kd2 f4 56. Ke2 Kc3 0-1

[Event "Sparkassen Open A"]
[Site "Dortmund GER"]
[Date "2011.07.25"]
[Round "3.3"]
[White "De Schampheleire, Glen"]
[Black "Evers, Leo"]
[Result "1-0"]
[WhiteTitle "FM"]
[WhiteElo "2263"]
[BlackElo "2101"]
[WhiteFideId "208701"]
[BlackFideId "4633490"]
[EventDate "2011.07.23"]

1. d4 Nf6 2. Nf3 c5 3. d5 b5 4. Bg5 Ne4 5. Bf4 Bb7 6. Qd3 Qa5+ 7. c3 Nf6 8. e4
c4 9. Qd4 d6 10. a4 g6 11. Ra3 Ba6 12. b4 Qd8 13. axb5 Bxb5 14. Bxc4 Bxc4 15.
Qxc4 Bg7 16. O-O O-O 17. Nbd2 Qd7 18. Rfa1 Rc8 19. Qd3 Rc7 20. h3 Qc8 21. Nd4
Nfd7 22. Nb5 Rb7 23. Nxa7 Qc7 24. Nb5 Rxa3 25. Rxa3 Qb6 26. Ra5 Ne5 27. Qe2 h5
28. Be3 Qd8 29. f4 Ned7 30. Nc4 Nf6 31. Bf2 Kh7 32. Nd4 Qc8 33. e5 Ne4 34. Qxe4
Qxc4 35. Qf3 Rc7 36. Ra8 Qxc3 37. Qxc3 Rxc3 38. Rxb8 Rc1+ 39. Kh2 dxe5 40. Nf3
exf4 41. Ng5+ Kh6 42. Nxf7+ Kh7 43. Bh4 Bd4 44. Ng5+ Kh6 45. Nf3 Be3 46. Bxe7
Kg7 47. d6 Bf2 48. Bh4 Bxh4 49. Nxh4 Rd1 50. d7 Rxd7 51. Rb6 g5 52. Rg6+ Kf7 53.
Rxg5 1-0

[Event "Sparkassen Open A"]
[Site "Dortmund GER"]
[Date "2011.07.25"]
[Round "3.4"]
[White "Zimmermann, Dirk"]
[Black "Bomans, Arno"]
[Result "0-1"]
[WhiteElo "2075"]
[BlackElo "2198"]
[WhiteFideId "4677498"]
[BlackFideId "206024"]
[EventDate "2011.07.23"]

1. e4 c6 2. d4 d5 3. exd5 cxd5 4. c4 Nf6 5. Nc3 Nc6 6. Bg5 dxc4 7. d5 Ne5 8.
Bxc4 Nxc4 9. Qa4+ Bd7 10. Qxc4 Qb6 11. Nge2 g6 12. Bxf6 Qxf6 13. O-O Bg7 14. Qc7
Qb6 15. Qxb6 axb6 16. Rfd1 O-O 17. Nd4 Rfd8 18. a4 Bxa4 19. Nxa4 Bxd4 20. Rxd4
b5 21. b3 bxa4 22. Raxa4 Rxa4 23. bxa4 e6 24. d6 e5 25. Rd5 f6 26. Kf1 Kf7 27.
Rb5 Rd7 28. Rb6 Ke6 29. Ke2 Kd5 30. a5 Kc5 31. Ke3 f5 32. g3 g5 33. f3 h6 34. g4
fxg4 35. fxg4 Kd5 36. h3 Rf7 37. h4 gxh4 38. d7 Rxd7 39. Rxh6 Rc7 40. Rxh4 Rc3+
41. Kd2 Ra3 42. Rh7 Rxa5 43. Rxb7 Ra4 44. Rb5+ Ke4 45. Rc5 Ra2+ 46. Ke1 Rg2 47.
Ra5 Kf4 48. g5 Rxg5 49. Kf2 Rh5 50. Kg2 Rh6 51. Rb5 Ra6 52. Rb2 e4 53. Kf2 Rh6
54. Rb8 Rh2+ 55. Kf1 Rc2 56. Ke1 Kf3 57. Re8 Ke3 58. Kd1 Rd2+ 59. Ke1 Rh2 60.
Kf1 Rh1+ 61. Kg2 Rc1 62. Re7 Rd1 63. Re8 Kd3 64. Rd8+ Ke2 65. Re8 e3 66. Ra8 Rd3
67. Ra1 Rd1 68. Ra3 Rd2 0-1

[Event "Sparkassen Open A"]
[Site "Dortmund GER"]
[Date "2011.07.25"]
[Round "3.5"]
[White "Maniocha, Marek"]
[Black "Ciornei, Dragos"]
[Result "0-1"]
[WhiteElo "2052"]
[BlackElo "2182"]
[WhiteFideId "4636821"]
[BlackFideId "4619200"]
[EventDate "2011.07.23"]

1. d4 Nf6 2. c4 g6 3. Nc3 Bg7 4. e4 O-O 5. f3 d6 6. Be3 e5 7. d5 Nh5 8. Qd2 f5
9. O-O-O a6 10. Kb1 Nd7 11. exf5 gxf5 12. g4 fxg4 13. fxg4 Nf4 14. Nge2 b5 15.
Ng3 bxc4 16. Bxc4 Nb6 17. Be2 Qh4 18. Nf5 Bxf5+ 19. gxf5 Rxf5 20. Rhg1 Rg5 21.
a3 Rxg1 22. Bxg1 Na4 23. Nxa4 Nxe2 24. Qxe2 Qxa4 25. Rc1 Rb8 26. Rxc7 Qa5 27.
Rc1 e4 28. Rc2 Qxd5 29. Ba7 Rb7 30. Be3 Qd3 31. Qxd3 exd3 32. Rd2 Bc3 33. Rxd3
Bxb2 34. Ka2 Be5 35. h3 Rb2+ 0-1

[Event "Sparkassen Open A"]
[Site "Dortmund GER"]
[Date "2011.07.25"]
[Round "3.6"]
[White "Richters, Marc"]
[Black "Quast, Marcel"]
[Result "0-1"]
[WhiteElo "1969"]
[BlackElo "2173"]
[WhiteFideId "24612332"]
[BlackFideId "24663476"]
[EventDate "2011.07.23"]

1. e4 e5 2. Nf3 d6 3. d4 exd4 4. Nxd4 Nf6 5. Nc3 Be7 6. Bf4 O-O 7. Qd2 d5 8.
exd5 Nxd5 9. Nxd5 Qxd5 10. Nb5 Re8 11. Be2 Bb4 12. Qxb4 Nc6 13. Qb3 Qxg2 14.
O-O-O Rxe2 15. Qd3 Bg4 16. Nxc7 Rc8 17. Rhg1 Qf3 18. Qxf3 Bxf3 19. Bh6 g6 20.
Nb5 Rxf2 21. Rd2 Rxd2 22. Kxd2 Re8 23. Re1 Rxe1 24. Kxe1 a6 25. Nd6 Ne5 26. h3
Bg2 27. h4 f6 28. Kf2 Bd5 29. Ke2 Ng4 30. Bf4 Kf8 31. c4 Bc6 32. b4 Ke7 33. b5
Bh1 34. a4 Ne5 35. c5 Ke6 36. Ke3 axb5 37. axb5 b6 38. Bxe5 fxe5 39. Nc8 bxc5
40. b6 Kd7 0-1

[Event "Sparkassen Open A"]
[Site "Dortmund GER"]
[Date "2011.07.25"]
[Round "3.7"]
[White "Savchenko, Aleksij"]
[Black "Sehn, Norbert"]
[Result "1-0"]
[WhiteElo "2257"]
[BlackElo "2083"]
[WhiteFideId "24611727"]
[BlackFideId "4695003"]
[EventDate "2011.07.23"]

1. e4 d5 2. exd5 Nf6 3. d4 Nxd5 4. Nf3 g6 5. Be2 Bg7 6. O-O O-O 7. c3 Nc6 8. Re1
Re8 9. Na3 e5 10. dxe5 Nxe5 11. Nxe5 Bxe5 12. Bf3 c6 13. c4 Qb6 14. cxd5 cxd5
15. Bf4 Qxb2 16. Rb1 Qxa3 17. Bxe5 Be6 18. Rxb7 Qxa2 19. Qc1 1-0

[Event "Sparkassen Open A"]
[Site "Dortmund GER"]
[Date "2011.07.25"]
[Round "3.8"]
[White "Strathoff, Jens"]
[Black "Kartsev, Alexandr"]
[Result "0-1"]
[WhiteElo "2098"]
[BlackElo "2196"]
[WhiteFideId "4699084"]
[BlackFideId "24647110"]
[EventDate "2011.07.23"]

1. e4 c6 2. d4 d5 3. Nc3 g6 4. Be3 Bg7 5. Qd2 dxe4 6. Nxe4 Nd7 7. Nf3 Ndf6 8.
Ng3 Nd5 9. c4 Nxe3 10. fxe3 Nh6 11. Bd3 O-O 12. O-O f5 13. Ne2 Nf7 14. e4 fxe4
15. Bxe4 e5 16. Rad1 Nd6 17. Qc2 Nxe4 18. Qxe4 Bf5 19. Qe3 Qb6 20. b3 exd4 21.
Nexd4 Rae8 22. Qf2 Bg4 23. Kh1 Rd8 24. Qg3 Rxd4 25. Nxd4 Bxd1 26. Rxf8+ Bxf8 27.
Qe5 Qc5 28. Qe6+ Kg7 29. Qd7+ Qe7 30. Ne6+ Kg8 31. Nxf8 Qe1# 0-1

[Event "Sparkassen Open A"]
[Site "Dortmund GER"]
[Date "2011.07.25"]
[Round "3.9"]
[White "Virnyi, Julius"]
[Black "Wittenberg, Andreas"]
[Result "1-0"]
[WhiteElo "2081"]
[BlackElo "2166"]
[WhiteFideId "24650919"]
[BlackFideId "24678155"]
[EventDate "2011.07.23"]

1. d4 e6 2. c4 Bb4+ 3. Bd2 a5 4. g3 d6 5. Bg2 Nc6 6. Nf3 Nf6 7. O-O Bxd2 8. Qxd2
O-O 9. Nc3 Qe7 10. e4 e5 11. d5 Nb8 12. Ne1 Na6 13. Nd3 Nd7 14. f4 exf4 15. gxf4
Nac5 16. Rae1 Nxd3 17. Qxd3 Nc5 18. Qd4 Bd7 19. e5 Bf5 20. Nb5 Qd7 21. Re3 b6
22. Rfe1 dxe5 23. fxe5 Rae8 24. b3 Qd8 25. Rg3 f6 26. e6 c6 27. Rge3 cxb5 28. e7
Rxe7 29. Rxe7 Nd3 30. R1e3 Ne5 31. R3xe5 fxe5 32. Qxe5 1-0

[Event "Sparkassen Open A"]
[Site "Dortmund GER"]
[Date "2011.07.25"]
[Round "3.10"]
[White "Luncescu, Christian"]
[Black "Mundorf, Johannes"]
[Result "0-1"]
[WhiteElo "2163"]
[BlackElo "2024"]
[WhiteFideId "4648935"]
[BlackFideId "24672491"]
[EventDate "2011.07.23"]

1. e4 e6 2. d3 d5 3. Nd2 Nf6 4. Ngf3 b6 5. e5 Nfd7 6. d4 c5 7. c3 Nc6 8. Bd3 Be7
9. Nf1 f6 10. exf6 Bxf6 11. Qe2 Qe7 12. Be3 e5 13. dxe5 Ncxe5 14. Nxe5 Nxe5 15.
Bb5+ Bd7 16. O-O-O O-O 17. Bxd7 Qxd7 18. Ng3 c4 19. Nh5 Nd3+ 20. Kb1 Rae8 21.
Nxf6+ Rxf6 22. Qc2 Qg4 23. Qa4 Rxe3 24. fxe3 Qxg2 25. Rxd3 cxd3 26. Rd1 Qe4 27.
Qxa7 h6 28. a3 d2+ 29. Ka2 Qc2 30. Rg1 Rg6 31. Rxg6 Qxg6 32. Qa8+ Kh7 33. Qa4
Qe4 34. Qd1 Qxe3 35. Kb3 d4 36. Qg4 Qe1 37. Qf5+ Kg8 38. Qc8+ Kf7 39. Qd7+ Kf8
40. Qd8+ Kf7 41. Qd7+ Kf6 42. Qxd4+ Kf5 43. Qd7+ Kf4 44. Qf7+ Ke3 45. Qe6+ Kf3
46. Qf5+ Kg2 47. Qg4+ Kxh2 48. Qf4+ Kg2 49. Qg4+ Kf2 50. Qf4+ Ke2 51. Qe4+ Kf1
52. Qf3+ Qf2 53. Qh1+ Ke2 54. Qe4+ Qe3 55. Qg2+ Ke1 56. Qh1+ Kf2 57. Qh2+ Kf3
58. Qh5+ Kf4 59. Qf7+ Ke4 60. Qe6+ Kf3 61. Qh3+ Kf4 62. Qh4+ Kf5 63. Qh5+ g5 64.
Kc2 Qe1 65. Qf3+ Ke5 66. Qd1 g4 67. Qxd2 Qxd2+ 68. Kxd2 h5 69. Ke3 h4 70. a4 h3
71. Kf2 Kf4 72. c4 g3+ 73. Kg1 Kf3 74. c5 h2+ 75. Kh1 Kf2 0-1